Merania z elektrických pohonov

Bibliographic Details
Main Authors: Fáber, Tibor (Author), Lipták, Neitus, 1933- (Author)
Format: Book
Language:Slovak
PhysicalDescription:264 s. grafy, sch., tab. 29 cm
Published: Bratislava Slovenská vysoká škola technická 1979
Edition:3. vyd.
Subjects:

MARC

LEADER 00000cam a2200000 a 4500
001 vtls001114865
003 SK-MaSNL
005 20260301231113.0
008 250313s1979 xo da e n 000 0 slo
015 |a SNBA1979 
035 |a SNK000057708 
035 |a urn:nbn:sk:snk-amldnr 
035 |a urn:nbn:sk:snk-am008zz3 
035 |a 424906EC-3FDF-448C-9929-DB19D2CBE4BE 
040 |a SNK  |b slo  |c SNK  |e AACR2 
041 0 |a slo 
044 |a xo  |c SK 
080 |a 621.313.08(075.8)  |2 1981 
080 |a 621.313-52(075.8)  |2 1981 
100 1 |a Fáber, Tibor  |4 aut  |9 308116 
245 1 0 |a Merania z elektrických pohonov  |c Tibor Fáber, Neitus Lipták 
250 |a 3. vyd. 
260 |a Bratislava  |b Slovenská vysoká škola technická  |c 1979 
300 |a 264 s.  |b grafy, sch., tab.  |c 29 cm 
366 |e 200 výt. 
504 |a Bibliogr. odkazy 
650 0 7 |a elektrické stroje  |2 SNKPH  |9 3914 
650 0 7 |a elektrické merania  |2 SNKPH  |9 3585 
655 7 |a učebnice vysokých škôl  |2 SNKPH  |9 70191 
700 1 |a Lipták, Neitus,  |d 1933-  |4 aut  |9 22047 
852 |a Slovenská národná knižnica 
958 |a OND 
958 |a RM 
958 |a UV 
958 |a NB 
999 |c 957141  |d 959071 
952 |a SNK  |b SNK  |y PREZ  |7 0  |p 17A0972079  |o snkSB 28385  |i snkKSP 4745/79  |0 0  |1 0  |4 0  |d 2014-08-08  |f 1  |l 0  |r 2026-02-24 10:07:39  |w 2026-02-24 
952 |a SNK  |b SNK  |y VYP  |7 0  |o snkSB 28385 D1  |i snkKSP 4746/79  |0 0  |1 0  |4 0  |d 2014-08-08  |l 0  |r 2026-02-24 10:07:39  |w 2026-02-24